000 01239cam a22003374a 4500
999 _c25258
_d25258
001 11995102
003 OSt
005 20210615094847.0
008 000503r20011986ilu 000 0 eng
010 _a 00032593
020 _a0226042758
040 _aMMU
_cMMU
_dMMU
_bEng
041 1 _aeng
_hgrc
042 _apcc
050 0 0 _aB385.A5
_bB46 2001
082 0 0 _a184
_221
240 1 0 _aSymposium.
_lEnglish
245 1 0 _aPlato's Symposium /
_ca translation by Seth Benardete ; with commentaries by Allan Bloom and Seth Benardete.
260 _aChicago :
_bUniversity of Chicago Press,
_cc2001.
300 _a199 p. ;
_c23 cm.
505 0 _aSymposium -- The ladder of love / by Allan Bloom -- On Plato's Symposium / by Seth Benardete.
600 0 0 _aSocrates.
600 0 0 _aPlato.
_tSymposium.
650 0 _aLove
_vEarly works to 1800.
700 1 _aBenardete, Seth.
700 1 _aBloom, Allan,
_d1930-1992.
856 4 2 _3Publisher description
_uhttp://www.loc.gov/catdir/description/uchi051/00032593.html
856 4 2 _3Contributor biographical information
_uhttp://www.loc.gov/catdir/bios/uchi051/00032593.html
856 4 1 _3Table of contents
_uhttp://www.loc.gov/catdir/toc/uchi051/00032593.html
942 _2lcc
_cLOAN LOAN